EEC oilseed products sector and the common agricultural policy /

Bibliographic Details
Main Author: Parris, Kevin
Corporate Author: Wye College. Centre for European Agricultural Studies
Other Authors: Ritson, Christopher
Format: Book
Language:English
Published: Ashford, Kent : Wye College, Centre for European Agricultural Studies, 1977
Series:Occasional papers (Wye College. Centre for European Agricultural Studies) ; no. 4.
Subjects:

MARC

Tag First Indicator Second Indicator Subfields
LEADER 00000cam a2200000 a 4500
001 in00000081233
005 20151008061006.0
008 810429c19771978enka b 00010 eng
010 |a  81462628  
015 |a GB78-20918 
020 |a 0905378040 :  |c 3.50 
035 |a (OCoLC)07572871 
035 |9 AAJ7051AM 
040 |a DLC  |c DLC  |d m.c.  |d TXA  |d UtOrBLW 
041 0 |a eng  |b fre  |b ger 
043 |a ew----- 
049 |a TXAM  |c [1407078] 
050 0 0 |a HD9490.E92  |b P37 
082 0 |a 338.1/7385/094  |2 19 
100 1 |a Parris, Kevin. 
245 1 0 |a EEC oilseed products sector and the common agricultural policy /  |c Kevin Parris and Christopher Ritson. 
264 1 |a Ashford, Kent :  |b Wye College, Centre for European Agricultural Studies,  |c 1977 
264 4 |c ©1978 
300 |a vi, 103 pages, 6 unnumbered pages :  |b illustrations ;  |c 30 cm. 
336 |a text  |b txt  |2 rdacontent 
337 |a unmediated  |b n  |2 rdamedia 
338 |a volume  |b nc  |2 rdacarrier 
490 1 |a Occasional papers / Centre for European Agricultural Studies, Wye College,  |x 0306-2902 ;  |v no. 4 
500 |a Summaries in French and German. 
500 |a Publication date from front cover. 
504 |a Includes a bibliography. 
650 0 |a Oil industries  |z European Economic Community countries. 
650 0 |a Agriculture and state  |z European Economic Community countries. 
700 1 |a Ritson, Christopher. 
710 2 |a Wye College.  |b Centre for European Agricultural Studies. 
830 0 |a Occasional papers (Wye College. Centre for European Agricultural Studies) ;  |v no. 4. 
999 |a MARS 
999 f f |s ef5a86c7-0b69-30a5-9fb8-218a2b355faf  |i 0981e1c6-f376-383c-a0bf-8d6d36224452  |t 0 
952 f f |p ric  |a Texas A&M University  |b Rellis Campus  |c Joint Library Facility  |d Remote Storage  |t 0  |e HD9490.E92 P37  |h Library of Congress classification  |i unmediated -- volume  |m A14806130525 
998 f f |a HD9490.E92 P37  |t 0  |l Remote Storage